Diagnóstico Organizacional funcional de la empresa impacto Nica, S.A. Mercadeo sin límites para el primer trimestre del año 2017

Presenta un diagnóstico organizacional funcional de la empresa Impacto Nica, S. A. Mercadeo sin límites, para el año 2017 analizando la gestión de los procesos internos, su estado organizacional y funcional e indicando posibles soluciones ante las debilidades de la situación de la empresa.

Bibliographic Details
Main Authors: Flores Gutiérrez, Maryuri de los Ángeles, Gutiérrez Mejía, Róger Alberto
Other Authors: Tutor: Calero López, Dora María
Format: Tesis Section = Libro
Language:Undetermined
Spanish
Published: Managua UNI 2017
Subjects:
LEADER 01231nam a2200277Ia 4500
008 240830s9999 xx 000 0 und d
040 |a BIBLIOTECA-RUPAP T.Mon 658.4012 F634 
041 |a spa 
082 |a T.Mon 658.4012 F634 
100 1 |a Flores Gutiérrez, Maryuri de los Ángeles 
100 1 |b Gutiérrez Mejía, Róger Alberto 
245 1 0 |a Diagnóstico Organizacional funcional de la empresa impacto Nica, S.A. Mercadeo sin límites para el primer trimestre del año 2017 
260 |a Managua  |b UNI  |c 2017 
300 |a 56 p. ;il. 
500 |a Contiene: anexos y CD 
502 |a Tesis (Ingeniero de Sistemas)- UNI, 2017. 
520 3 |a Presenta un diagnóstico organizacional funcional de la empresa Impacto Nica, S. A. Mercadeo sin límites, para el año 2017 analizando la gestión de los procesos internos, su estado organizacional y funcional e indicando posibles soluciones ante las debilidades de la situación de la empresa. 
650 7 |a PLANEACION ESTRATEGICA 
650 7 |b ESTRATEGIA ORGANIZACIONAL 
650 7 |c TOMA DE DECISION 
650 7 |d ADMINISTRACION ESTRATEGICA 
650 7 |e MERCADEO 
700 1 |a Tutor:  |b Calero López, Dora María 
942 |c BK  |2 ddc 
991 |a TESIS 
999 |c 18574